<?xml version="1.0" encoding="UTF-8"?><?xml-stylesheet type="text/xsl" href="static/style.xsl"?><OAI-PMH xmlns="http://www.openarchives.org/OAI/2.0/" xmlns:xsi="http://www.w3.org/2001/XMLSchema-instance" xsi:schemaLocation="http://www.openarchives.org/OAI/2.0/ http://www.openarchives.org/OAI/2.0/OAI-PMH.xsd"><responseDate>2026-06-29T01:40:12Z</responseDate><request verb="GetRecord" identifier="oai:docta.ucm.es:20.500.14352/103264" metadataPrefix="marc">https://docta.ucm.es/rest/oai/request</request><GetRecord><record><header><identifier>oai:docta.ucm.es:20.500.14352/103264</identifier><datestamp>2025-09-08T15:04:21Z</datestamp><setSpec>com_20.500.14352_14</setSpec><setSpec>col_20.500.14352_15</setSpec></header><metadata><record xmlns="http://www.loc.gov/MARC21/slim" xmlns:dcterms="http://purl.org/dc/terms/" xmlns:xsi="http://www.w3.org/2001/XMLSchema-instance" xmlns:doc="http://www.lyncode.com/xoai" xsi:schemaLocation="http://www.loc.gov/MARC21/slim http://www.loc.gov/standards/marcxml/schema/MARC21slim.xsd">
   <leader>00925njm 22002777a 4500</leader>
   <datafield ind2=" " ind1=" " tag="042">
      <subfield code="a">dc</subfield>
   </datafield>
   <datafield ind2=" " ind1=" " tag="720">
      <subfield code="a">Angelova, Stelena</subfield>
      <subfield code="e">author</subfield>
   </datafield>
   <datafield ind2=" " ind1=" " tag="720">
      <subfield code="a">Ramírez García, Susana</subfield>
      <subfield code="e">author</subfield>
   </datafield>
   <datafield ind2=" " ind1=" " tag="720">
      <subfield code="a">Ramírez García, Susana</subfield>
      <subfield code="e">author</subfield>
   </datafield>
   <datafield ind2=" " ind1=" " tag="260">
      <subfield code="c">2024</subfield>
   </datafield>
   <datafield ind2=" " ind1=" " tag="520">
      <subfield code="a">El interés por el turismo regenerativo surge como una respuesta al contexto actual de crisis, impulsando un cambio del modelo y el enfoque tradicional que conocemos en el turismo de hoy. El principal objetivo del presente trabajo de investigación es entender qué es la regeneración y ver cómo se puede implementar en la planificación turística. Para ello se ha realizado, en primer lugar, una revisión bibliográfica de los principales conceptos relacionados con la regeneración y el turismo regenerativo, analizando su evolución y los cambios que supone para la planificación turística. A continuación, se exploran diferentes modelos de turismo regenerativo, buscando una comprensión profunda de la relación entre sostenibilidad y regeneración en el contexto turístico. Por último, los resultados de estas indagaciones se han aplicado, a través del análisis comparativo de planes de gestión de destino a nivel regional en Nueva Zelanda, para la extracción de conclusiones sobre la implementación de los principios del turismo regenerativo en la planificación turística de este país pionero. Los resultados obtenidos han servido para identificar criterios específicos para el desarrollo del turismo regenerativo, basados en la comprensión del turismo como un sistema vivo, interconectado y liderado por relaciones auténticas y beneficiosas para todo y todas/os.</subfield>
   </datafield>
   <datafield ind1="8" ind2=" " tag="024">
      <subfield code="a">Angelova, S., &amp; Ramírez García, S. (2024). El turismo regenerativo en la planificación turística regional de Nueva Zelanda. ROTUR. Revista De Ocio Y Turismo, 18(1), 76–97. https://doi.org/10.17979/rotur.2024.18.1.10214</subfield>
   </datafield>
   <datafield ind1="8" ind2=" " tag="024">
      <subfield code="a">10.17979/rotur.2024.18.1.10214</subfield>
   </datafield>
   <datafield ind1="8" ind2=" " tag="024">
      <subfield code="a">https://hdl.handle.net/20.500.14352/103264</subfield>
   </datafield>
   <datafield ind1="8" ind2=" " tag="024">
      <subfield code="a">https://doi.org/10.17979/rotur.2024.18.1.10214</subfield>
   </datafield>
   <datafield ind2="0" ind1="0" tag="245">
      <subfield code="a">El turismo regenerativo en la planificación turística regional de Nueva Zelanda</subfield>
   </datafield>
</record></metadata></record></GetRecord></OAI-PMH>